Counties of Albania - Statistics

General Stats
  • This quiz has been taken 9 times
  • The average score is 9 of 12
Answer Stats
Population County % Correct
906,166 Tirana
100%
188,922 Vlorë
100%
290,697 Durrës
86%
75,428 Kukës
86%
200,007 Shkodër
86%
122,003 Berat
71%
270,074 Elbasan
71%
289,889 Fier
71%
59,381 Gjirokastër
71%
204,831 Korçë
71%
115,857 Dibër
43%
122,700 Lezhë
43%
No matching quizzes found
Score Distribution
Percent of People with Each Score
Percentile by Number Answered
Your Score History
You have not taken this quiz